Etiqueta de registo: 00254nam 2200025 450
001 2279985
003 http://id.bnportugal.gov.pt/bib/catbnp/2279985
010 ## $a978-989-9312-08-1
021 ## $aPT$b556281/25
100 ## $a20260313d2025 k y0pory01030103ba
101 0# $apor
102 ## $aPT
105 ## $ay z 000yy
106 ## $ar
200 1# $aManual prático de Direito Fiscal$fAndré Alfar Rodrigues, Andreia Flôxo Soares
210 #9 $aLisboa$cAssociação Académica da Faculdade de Direito de Lisboa,$d2025
215 ## $a221 p.$d23 cm
225 2# $aPrática
675 ## $a336.22(469)(075.8)$vBN$zpor$31532742
675 ## $a351.71(469)(075.8)$vBN$zpor$3943742
700 #1 $aRodrigues,$bAndré Alfar$31782839
701 #1 $aSoares,$bAndreia Flôxo$4070$31991187
801 #0 $aPT$bBN$gRPC
856 41 $uhttp://rnod.bnportugal.gov.pt/ImagesBN/winlibimg.aspx?skey=&doc=2279985&img=220674&save=true
900 ## $aBIBNAC$d20260402
966 ## $lBN$mFGMON$sS.C. 168809 V.$x1
966 ## $lBN$mFGMON$sS.C. 168809 V.-D$x1
971 ## $corlando$d20260313
972 ## $e0$z0$d20260402$vlrevez
973 ## $cmlsousa$d20260324
975 ## $e0$d20260407$viquintas